| 000 | 00546 a2200169 4500 | ||
|---|---|---|---|
| 003 | Nust | ||
| 005 | 20230621085331.0 | ||
| 040 | _cNust | ||
| 082 | _a384.5,RHE | ||
| 100 |
_aEduard Rhein _9113193 |
||
| 245 |
_aWonder of the waves : _bWireless and Telvision for Everyman / _cEduard Rhein |
||
| 260 |
_aLondon _bThe scintefic book _c1940 |
||
| 300 | _a256,p; | ||
| 505 | _aPart.1 The Distant Sound (Page-3), Part.2 The Voice of Steel (Page-145), Part.3 The Magic Mirror (Page-195). | ||
| 650 |
_aWonder of the waves _9113194 |
||
| 942 |
_2ddc _cBKB |
||
| 999 |
_c185319 _d185319 |
||